000
00238nam a2200097Ia 4500
008
220120s9999||||xx |||||||||||||| ||und||
082
_a
005.1 BAL
100
_a
Tanenbaum, Andrew
_9
11445
245
0
_a
Computer networks
300
_a
859P;
_b
450
999
_c
136380
_d
136380